Liverpool Captains - Statistics

General Stats
  • This quiz has been taken 55 times
  • The average score is 8 of 46
Answer Stats
Hint Answer % Correct
2003-2015 Steven Gerrard
98%
2015-2023 Jordan Henderson
96%
2023- Virgil Van DIjk
96%
1993-1996 Ian Rush
64%
2001-2003 Sami Hyypia
48%
1982-1984 Graeme Souness
42%
1996-1997 John Barnes
40%
1985-1988 Alan Hansen
30%
1989-1990 Alan Hansen
30%
1999-2002 Jamie Redknapp
30%
1997-1999 Paul Ince
26%
1991-1993 Mark Wright
22%
1978-1981 Phil Thompson
22%
1970-1973 Tommy Smith
22%
1953-1954 Bill Jones
18%
1984-1985 Phil Neal
16%
1973-1978 Emlyn Hughes
14%
1954-1955 Laurie Hughes
14%
1990-1991 Steve Nicol
14%
1955-1958 Billy Liddell
8%
1939-1940 Matt Busby
8%
1988-1989 Ronnie Whelan
8%
1990-1991 Ronnie Whelan
8%
1961-1970 Ron Yeats
8%
1899-1909 Alex Raisbeck
4%
1929-1930 James Jackson
4%
1950-1953 Phil Taylor
4%
1959-1960 Ronnie Moran
4%
1892-1895 Andrew Hannah
2%
1909-1912 Arthur Goddard
2%
1960-1961 Dick White
2%
1919-1920 Donald McKinlay
2%
1921-1928 Donald McKinlay
2%
1912-1913 Ephraim Longworth
2%
1920-1921 Ephraim Longworth
2%
1913-1915 Harry Lowe
2%
1898-1899 Harry Storer
2%
1947-1950 Jack Balmer
2%
1895-1897 Jimmy Ross
2%
1897-1898 John McCartney
2%
1958-1959 Johnny Wheeler
2%
1931-1934 Tom Bradshaw
2%
1928-1929 Tom Bromilow
2%
1934-1939 Tom Cooper
2%
1945-1947 Willie Fagan
2%
1930-1931 Tom Morrison
0%
No matching quizzes found
Score Distribution
Percent of People with Each Score
Percentile by Number Answered
Your Score History
You have not taken this quiz